000 00364nam a22001577a 4500
020 _a978-81-264-4145-7
082 _a823
_bJAY/K
100 _aJAYAKUMAR, PREMA
245 _aKRISHNA
_bMANGO CLASSICS
246 _aKRISHNA
_bMANGO CLASSICS
260 _bDC BOOKKOTTAYAMS
_c2016
300 _a76
520 _aCLASSIC STORY
650 _aCLASSIC STORY
942 _cBK
999 _c2879
_d2879